000 00377nam a2200145Ia 4500
005 20251222140057.0
008 251222s1900||||xx |||||||||||||| ||spa||
020 _a8486067405
082 _a234.7/O93
100 _aOviedo Torró, Lluis
245 0 _aLa Secularización como Problema:
250 _a1ra. ed.
264 _bFacultad de Teología San Vicente Ferrer
942 _cLIB
999 _c3816
_d3816